00682nam a2200241 a 45000010010000000030011000100080041000210200018000620350026000800920013001061000025001192450035001442600035001793000015002145000017002296500018002468560030002649420012002949520091003069900006003979980020004039990017004230001-1149ELIB.Books150505 2010 eng  a9781400202508 a(ELIB.Books)0001-1304 a223bSwi aSwindoll, Charles R. aA Man of Heroic Endurance: Job aNashvillebThomas Nelsonc2004 a371c21 Cm aC/o Moe Lwei aOld Testament nKBTS: LibraryuKBTS: Elib 2ddccBK 00102ddc4070aKBTSbKBTSd2015-05-05l0p15403r2022-01-22 00:00:00w2022-01-22yBK a1 cbate2015-05-05 c11149d11149